00247nam a2200097 a 4500008004100000050001500041100002200056245005300078260000900131350000900140120416s1972 xx |||||||||||||| || u aTD 430 Sme aSmethurst, George10aBasic water treatment for application world wide c1972 a0.00